Velarización de oclusivas labiales posnucleares : un análisis de frecuencia /

En algunas variedades del español hablado, las oclusivas labiales en medio de palabra se realizan con una articulación velar (pepsi > peksi). Este trabajo provee un resumen de estudios previos que intentan explicar esta sustitución fonológica abrupta e incorpora avances teóricos de la fonotáctica (e...

Descripción completa

Detalles Bibliográficos
Autor principal: Brown, Esther
Formato: Libro
Lenguaje:español
Acceso en línea:Acceso electrónico al documento

MARC

LEADER 00000cam a2200000 a 4500
001 042597
003 UAHC_CL
005 20170803124715.0
008 071212s cl 000 spa
040 |a UAHC_CL  |c UAHC_CL  |d UAHC_CL 
100 1 |a Brown, Esther 
245 1 0 |a Velarización de oclusivas labiales posnucleares :  |b un análisis de frecuencia /  |c Esther Brown. 
500 |a En: RLA. Revista de lingüística teórica y aplicada , vol. 44, no. 2, 2006. pp. 47-58. ISSN 0718-4883Modo de acceso: Internet --(Página web visitada el 20 de diciembre 2007) 
520 |a En algunas variedades del español hablado, las oclusivas labiales en medio de palabra se realizan con una articulación velar (pepsi > peksi). Este trabajo provee un resumen de estudios previos que intentan explicar esta sustitución fonológica abrupta e incorpora avances teóricos de la fonotáctica (e.g., Pierrehumbert, 1994) y de los patrones que surgen de las representaciones léxicas (Bybee, 2001) para explicar desde una perspectiva teórica nueva el fenómeno p > k en español. Las oclusivas velares, posnucleares (/g, k/) tienen una frecuencia de uso y una frecuencia de categoría significativamente más alta que las oclusivas labiales (/b, p/) en la misma posición. Como resultado, el esquema [..CVELAR$C..], y no [..CLABIAL$C..], surge como el esquema más fuerte y productivo, dando motivación al cambio fonológico LABIAL > VELAR. 
856 |u http://www.scielo.cl/pdf/rla/v44n2/art04.pdf  |3 Acceso electrónico al documento  |y Acceso electrónico al documento 
900 |a RLA. REV. LINGUêST. TEîR. APL.-02/06 
942 |c BK 
999 |c 42597  |d 42597